000 00546nam a2200217Ia 4500
003 OSt
005 20220926035114.0
006 a|||||r|||| 00| 0
007 ta
008 220923b |||||||| |||| 00| 0 eng d
037 _cGeneral Book
040 _aRTL
_cRTL
_beng
041 _2eng
_aeng
082 _aXxL48n, J2.1-.3
100 _aBentham Jersey
_9341833
245 0 _aEconomic writings. V 1-V3
260 _c1952
490 _vV1
942 _hXxL48n, J2.1-.3
_cGB
_2CC
999 _c661325
_d661325